000 00656nam a2200277Ia 4500
005 20260324122457.0
008 008 260324s9999 xx 000 0 eng d
020 _a9781351192354
037 _aEBOOK
040 _aCRL
040 _beng
040 _cCRL
041 _2eng
041 _aeng
084 _qCRL
100 _aDora Osborne
_91166597
245 0 _aTraces of Trauma in W. G. Sebald and Christoph Ransmayr
260 _bTaylor and Francis
260 _c2013
365 _a
365 _b145
856 _uhttp://www.taylorfrancis.com/books/9781351192354
942 _cEBOOK
999 _c1759378
_d1759378